000 00742nam a2200229 a 4500
999 _c12113
_d12113
001 12113
003 BD-JhCC
005 20210315121036.0
008 210315b20152017bg a|||| ||a| 000 0 ben d
020 _a9789849135876
035 _a(BD-JhCC)12113
040 _aBD-JhCC
_dBD-JhCC
041 _aBengali
082 _a891.4435
_bNAB 2017
100 _aনবী,রফিকুন
245 _aছেঁড়া মানচিত্র এবং টোরাটেপের গুহা /
_cরফিকুন নবী ।
260 _aঢাকা:
_bচন্দ্রাবতী একাডেমি;
_c২০১৭.
300 _a75 p. :
_bill;
_c24 cm
650 _aBengali Short stories
942 _2ddc
_cBK